Little girl blue - Janis Joplin - Statistiques

Statistiques générales
  • Ce quiz a été pris 5 fois
    3 depuis la dernière actualisation
  • Le résultat moyen est 185 sur 217
Statistiques - réponses
Réponse % Correct
and
100%
And
100%
Baby
100%
blue
100%
count
100%
do
100%
down
100%
else
100%
falling
100%
feel
100%
fingers
100%
girl
100%
go
100%
got
100%
honey
100%
Honey
100%
how
100%
I
100%
is
100%
just
100%
know
100%
like
100%
little
100%
My
100%
my
100%
no
100%
oh
100%
Oh
100%
raindrops
100%
Sit
100%
sit
100%
there
100%
they're
100%
those
100%
Those
100%
through
100%
to
100%
unhappy
100%
unlucky
100%
wah
100%
What
100%
what
100%
When
100%
yeah
100%
you
100%
your
100%
you're
100%
ahh
67%
ain't
67%
'em
67%
hmm
67%
on
67%
Ooh
67%
ooh
67%
reason
67%
that
67%
That
67%
Ah
33%
ah
33%
all
33%
around
33%
back
33%
be
33%
don't
33%
ever
33%
gonna
33%
it's
33%
It's
33%
must
33%
Somebody
33%
told
33%
want
33%
'Cause
0%
have
0%
lean
0%
Or
0%
right
0%
time
0%
wanna
0%
Aucun quiz correspondant
Distribution des résultats
% des personnes avec chaque résultat
Percentile par nombre de réponses
Votre historique - résultats
Vous n’avez pas pris ce quiz depuis la dernière actualisation